000 00242cam a2200109 4500
008 000000n 000 0 eng u
035 _a(Sirsi) u105215
100 _aSmith, Jim
245 _aEdinburgh order test
350 _a10.00
942 _n0
999 _c100331
_d100331